| 000 | 00757nam a2200217 a 4500 | ||
|---|---|---|---|
| 001 | 44184 | ||
| 003 | BD-RjUL | ||
| 005 | 20211209053819.0 | ||
| 008 | 160714s1955 ii |||| ||| 000 0 ben d | ||
| 035 | _a(BD-RjUL 44302 | ||
| 040 |
_aBD-RjUL _bben _cBD-RjUL |
||
| 041 | _aben | ||
| 082 |
_223 _a891.442 _bGHB 1955 |
||
| 100 |
_a ঘোষ, সুবোধ _9135668 |
||
| 245 |
_aভারত প্রেম কথা / _cসুবোধ ঘোষ |
||
| 260 |
_aকলিকাতা : _bঅশোক কুমার _c১৯৫৫ (১৩৬২) |
||
| 300 |
_a[১৪] ৩৮০ পৃ. ; _c২১ সেমি. |
||
| 650 |
_aবাংলা সাহিত্য _9135669 _xনাটক |
||
| 650 |
_aBengali Literature _9135670 _xDrama |
||
| 942 |
_2ddc _cBK |
||
| 999 |
_c44184 _d44184 |
||